000 01575nam a2200337 c 4500
003 BLK
005 20240608132900.0
008 180413b bul|||||r ||||||| ||bul||
010 _aKNG00022384000
040 _aBLK
041 _aBUL
_cBUL
080 _aВъншна търговия. Международна търговия. Външно-търговска политика. Мита. Вж и 336. 4
_b339.5
_x:339.13(075.8)
_z339.5:339.13(075.8)
100 1 _aГорчева, Таня Атанасова
_eпърви автор
_9365185
139 _aГорчева, Таня Атанасова
_bГ 69
245 1 0 _aМеждународни пазари
_bОбщ курс на междунар. пазари : Учебник за студентите от Стоп. акад. Д. А. Ценов - Свищов
_cТаня Атанасова Горчева.
257 _aBGR
260 Свищов
_bАкад. изд. Д. А. Ценов
_c1998
300 _a248 с.
_bс табл.
_c24 см
380 _a3
500 _aИзд. на Стоп. акад. Д. А. Ценов - Свищов. - Офс. изд. - 1 000 тир.
650 4 _aПазари, международни
_9245952
650 4 _aМеждународна търговия
_9245951
653 _aмеждународни икономически отношения
653 _aпазари
852 _aЦб 197000
856 4 _qpdf
_u
856 4 _qpdf
_u
942 _cKNG
_n0
_02
944 _aCR
_c15.01.2003
_k30546
_lРенета Константинова
944 _aED
_c11.07.2005
_k
999 _c20180
_d20180